000 00439nam a2200181Ia 4500
001 2249
005 20260306143828.0
008 260306t2017||||xx |||||||||||||| ||spa||
041 _aESP
082 _a616.8
_bR766
100 _aRopper, Allan H.
_eAUT
245 0 _aAdams y Victor principios de neurologĂ­a
260 _c2017
300 _axiii, 1631 páginas :
_c29 cm.
650 _aGEN
654 _aCPS
942 _cLIB
_dJUS
_fJUS
_2ddc
_n
999 _c2249
_d2249